000 00650cab a2200217 4500
001 WB3313-23
008 090401t1997 xxu||||| |||| 00| 0 eng d
035 _a(Sirsi) u77469
041 _aeng
245 _aValuations on CD-ROM
260 _c1997
350 _a0
490 _aAntiques Trade Gazette
_v(1281) 29 March 1997, 26(1)
520 _aPhillip`s valuation department is offering clients a CD-ROM as a new way to present inventory and valuation documents.
650 _aCD-ROM
650 _aPHILLIPS
650 _aVALUATIONS
690 _aMANAGEMENT-BUSINESS MANAGEMENT-INFORMATION MANAGEMENT
942 _n0
948 _c27/03/1997
999 _c48709
_d48709